000 00409nam a2200145Ia 4500
008 100204s9999 xx 000 0 und d
082 _b9547
100 _aशिरवळकर सुहास
245 _aसफाई
260 _b"रावजी प्रकाशन , डोंबिवली"
_c1987
300 _a172
630 _aसफाई
730 _aसफाई
942 _cBOOK
999 _c453983
_d453980